History of Friedrich II of Prussia - Volume 03 / (Record no. 552121)
[ view plain ]
| 000 -LEADER | |
|---|---|
| fixed length control field | 00403cam a22001213u 4500 |
| 082 ## - DEWEY DECIMAL CLASSIFICATION NUMBER | |
| Classification number | 355.009247 |
| Author Mark | CAR |
| 100 1# - MAIN ENTRY--PERSONAL NAME | |
| Personal name | Carlyle, Thomas, |
| 9 (RLIN) | 49272 |
| 245 10 - TITLE STATEMENT | |
| Title | History of Friedrich II of Prussia - Volume 03 / |
| Statement of responsibility, etc. | Carlyle, Thomas. |
| 500 ## - GENERAL NOTE | |
| General note | Title from content provider. |
| 526 ## - STUDY PROGRAM INFORMATION NOTE | |
| Program name | 0 |
| Interest level | 0 |
| Reading level | 0 |
| Title point value | 355_009247000000000_CAR |
| 856 40 - ELECTRONIC LOCATION AND ACCESS | |
| Uniform Resource Identifier | <a href="http://www.columbia.edu/cgi-bin/cul/resolve?clio11107885">http://www.columbia.edu/cgi-bin/cul/resolve?clio11107885</a> |
| 942 ## - ADDED ENTRY ELEMENTS (KOHA) | |
| Source of classification or shelving scheme | |
| Koha item type | Book |
| Withdrawn status | Lost status | Source of classification or shelving scheme | Damaged status | Not for loan | Permanent Location | Current Location | Shelving location | Date acquired | Total Checkouts | Full call number | Barcode | Date last seen | Price effective from | Koha item type |
|---|---|---|---|---|---|---|---|---|---|---|---|---|---|---|
| Military College of Engineering (MCE) | Military College of Engineering (MCE) | 01/07/2015 | 355.009247 CAR | MCE-ECH/106 | 01/07/2015 | 01/07/2015 | Book |
